[Event "Titled Tuesday 2021.08.03"]
[Site "chess.com INT"]
[Date "2021.08.03"]
[Round "3"]
[White "Gerzhoy, Leonid"]
[Black "Tomiello, Mateus Costamilan"]
[Result "1-0"]
[WhiteElo "2348"]
[BlackElo "2042"]
[PlyCount "59"]
[GameId "2130307585086521"]
[EventDate "2021.08.03"]
[EventType "swiss (blitz)"]
[EventRounds "11"]
[EventCountry "NET"]
[SourceTitle "The Week in Chess 1396"]
[Source "Mark Crowther"]
[SourceDate "2021.08.10"]
[SourceVersion "1"]
[SourceVersionDate "2021.08.10"]
[SourceQuality "2"]

1. d4 d5 2. c4 c6 3. cxd5 cxd5 4. Nc3 Nf6 5. Nf3 Nc6 6. Bf4 e6 7. e3 a6 8. Bd3 Bd6 9. Bg3 O-O 10. O-O Qc7 11. Rc1 Bd7 12. Ne5 Rac8 13. Na4 Ne4 14. Bxe4 dxe4 15. Nc5 Bxe5 16. dxe5 Rfd8 17. Nxe4 Qa5 18. Bh4 Qxe5 19. Bxd8 Rxd8 20. Nc5 Bc8 21. Qb3 Na5 22. Qb6 Nc6 23. Nxb7 Bxb7 24. Qxb7 Na5 25. Qxa6 h5 26. b4 h4 27. Qxa5 Qe4 28. Qxd8+ Kh7 29. Qd4 Qg6 30. Qxh4+ 1-0

[Event "Chicago op"]
[Site "Chicago USA"]
[Date "2018.05.26"]
[Round "5"]
[White "Gerzhoy, Leonid"]
[Black "Li, Ruifeng"]
[Result "0-1"]
[WhiteElo "2425"]
[BlackElo "2587"]
[PlyCount "50"]
[GameId "2130307620121126"]
[EventDate "2018.05.24"]
[EventType "swiss"]
[EventRounds "7"]
[EventCountry "USA"]
[SourceTitle "10 Days #544"]
[Source "Chess Mix"]
[SourceDate "2018.06.01"]
[SourceVersion "1"]
[SourceVersionDate "2018.06.01"]
[SourceQuality "1"]

1. d4 d5 2. c4 c6 3. Nc3 Nf6 4. e3 e6 5. Nf3 Nbd7 6. Qc2 Bd6 7. Bd3 dxc4 8. Bxc4 b5 9. Bd3 Bb7 10. O-O O-O 11. a3 a5 12. Bd2 Rc8 13. e4 e5 14. Ne2 c5 15. dxe5 Nxe5 16. Nxe5 c4 17. Nxc4 bxc4 18. Bxc4 Bxe4 19. Qb3 Bxh2+ 20. Kxh2 Qxd2 21. f3 Bc2 22. Qb5 Qd6+ 23. Kg1 Rc5 24. Qa6 Rc6 25. Qb5 Rb8 0-1

[Event "Capablanca mem. op"]
[Site "Havana CUB"]
[Date "2014.05.08"]
[Round "1.9"]
[White "Gerzhoy, Leonid"]
[Black "Perera Alfonso, Rene Humberto"]
[Result "1-0"]
[WhiteElo "2472"]
[BlackElo "2302"]
[PlyCount "53"]
[GameId "2130307671670585"]
[EventDate "2014.05.08"]
[EventType "swiss"]
[EventRounds "9"]
[EventCountry "CUB"]
[SourceTitle "10 Days #399"]
[Source "Chess Mix"]

1. d4 Nf6 2. c4 g6 3. Nc3 d5 4. cxd5 Nxd5 5. e4 Nxc3 6. bxc3 Bg7 7. Bc4 O-O 8. Ne2 Nc6 9. O-O b6 10. Bg5 Bb7 11. Qd2 Qd6 12. Bh6 Rad8 13. Bxg7 Kxg7 14. f4 Na5 15. Bd3 c5 16. Rad1 cxd4 17. cxd4 Nc6 18. d5 Nb4 19. Bb1 Kg8 20. Nd4 e6 21. a3 Na6 22. dxe6 fxe6 23. Ba2 Nc5 24. Qe3 Qe7 25. f5 Kh8 26. Nxe6 Nxe6 27. fxe6 1-0

[Event "Capablanca mem. op"]
[Site "Havana CUB"]
[Date "2014.05.10"]
[Round "3.4"]
[White "Gerzhoy, Leonid"]
[Black "Diaz Murgada, Rider"]
[Result "1-0"]
[WhiteElo "2472"]
[BlackElo "2375"]
[PlyCount "103"]
[GameId "2130307671678875"]
[EventDate "2014.05.08"]
[EventType "swiss"]
[EventRounds "9"]
[EventCountry "CUB"]
[SourceTitle "10 Days #399"]
[Source "Chess Mix"]

1. d4 d5 2. c4 e6 3. Nc3 Be7 4. Nf3 Nf6 5. e3 O-O 6. b3 b6 7. Bd3 Bb7 8. O-O Nbd7 9. Bb2 c5 10. Rc1 Ne4 11. cxd5 exd5 12. Qe2 a6 13. Rfd1 Bd6 14. dxc5 Nxc3 15. Bxc3 bxc5 16. Bb2 Qe7 17. Bf5 Nf6 18. Qd3 g6 19. Bh3 Ne4 20. Nd2 Ng5 21. Bg4 Rad8 22. f4 Ne6 23. Bf3 Bb8 24. g3 Ba7 25. Nf1 f5 26. Bg2 h5 27. Be5 Ng5 28. Qe2 Nf7 29. Bb2 Rfe8 30. Ba3 Rd7 31. Rd2 Rc8 32. Rcd1 Rcd8 33. Rd3 Qe6 34. Qd2 Kh7 35. Bb2 Nh6 36. h3 Bc6 37. Nh2 Nf7 38. Nf3 Kg8 39. Ne5 Nxe5 40. Bxe5 Bb6 41. Kh2 Kf8 42. Bb2 Kf7 43. Qc2 Bb5 44. R3d2 h4 45. gxh4 Qxe3 46. Be5 c4 47. h5 Ba5 48. Rxd5 Rxd5 49. Bxd5+ Rxd5 50. Rxd5 Bc6 51. Rd6 Be4 52. Qxc4+ 1-0

[Event "Capablanca mem. op"]
[Site "Havana CUB"]
[Date "2014.05.11"]
[Round "4.1"]
[White "Gerzhoy, Leonid"]
[Black "Obregon Rivero, Juan"]
[Result "0-1"]
[WhiteElo "2472"]
[BlackElo "2509"]
[PlyCount "55"]
[GameId "2130307671687116"]
[EventDate "2014.05.08"]
[EventType "swiss"]
[EventRounds "9"]
[EventCountry "CUB"]
[SourceTitle "10 Days #399"]
[Source "Chess Mix"]

1. d4 Nf6 2. c4 g6 3. Nc3 Bg7 4. e4 d6 5. f3 O-O 6. Be3 c5 7. Nge2 cxd4 8. Nxd4 Nc6 9. Be2 Bd7 10. O-O Nxd4 11. Bxd4 a5 12. Qd2 Bc6 13. b3 Nd7 14. Bf2 Nc5 15. Rab1 Be5 16. a3 e6 17. b4 axb4 18. axb4 Qf6 19. Nd1 Na4 20. Rb3 d5 21. cxd5 exd5 22. b5 Bd7 23. Ne3 Be6 24. exd5 Rfd8 25. Ng4 Bxg4 26. fxg4 Nc3 27. Bf3 Ra2 28. Qd3 0-1

[Event "Capablanca mem. op"]
[Site "Havana CUB"]
[Date "2014.05.12"]
[Round "5.3"]
[White "Borges Feria, Yasel"]
[Black "Gerzhoy, Leonid"]
[Result "1/2-1/2"]
[WhiteElo "2427"]
[BlackElo "2472"]
[PlyCount "70"]
[GameId "2130307671687163"]
[EventDate "2014.05.08"]
[EventType "swiss"]
[EventRounds "9"]
[EventCountry "CUB"]
[SourceTitle "10 Days #399"]
[Source "Chess Mix"]

1. Nf3 Nf6 2. g3 g6 3. Bg2 Bg7 4. O-O O-O 5. c4 d6 6. d4 Nbd7 7. Nc3 e5 8. h3 c6 9. e4 Qb6 10. b3 exd4 11. Na4 Qa5 12. Nxd4 Re8 13. Re1 Ne5 14. Bd2 Qc7 15. Be3 a6 16. Nc3 c5 17. Nde2 Bd7 18. a4 Bc6 19. Nf4 Ned7 20. Qd3 Rad8 21. Rad1 Nf8 22. Nfd5 Nxd5 23. Nxd5 Bxd5 24. exd5 Nd7 25. Qc2 Rb8 26. Bd2 Bd4 27. Rxe8+ Rxe8 28. Re1 Re5 29. Kf1 Qd8 30. Bf4 Rxe1+ 31. Kxe1 Qf6 32. h4 Ne5 33. Bxe5 Bxe5 34. Be4 Kg7 35. Qd3 Bd4 1/2-1/2

[Event "Capablanca mem. op"]
[Site "Havana CUB"]
[Date "2014.05.14"]
[Round "6.3"]
[White "Gerzhoy, Leonid"]
[Black "Oliva Castaneda, Kevel"]
[Result "1/2-1/2"]
[WhiteElo "2472"]
[BlackElo "2428"]
[PlyCount "96"]
[GameId "2130307671687202"]
[EventDate "2014.05.08"]
[EventType "swiss"]
[EventRounds "9"]
[EventCountry "CUB"]
[SourceTitle "10 Days #399"]
[Source "Chess Mix"]

1. d4 Nf6 2. c4 g6 3. Nc3 Bg7 4. e4 O-O 5. f3 d6 6. Bg5 c5 7. d5 a6 8. a4 Qa5 9. Ra3 Nbd7 10. Nh3 Ne5 11. Nf2 e6 12. Be2 exd5 13. cxd5 Rb8 14. O-O Re8 15. Bd2 Qb6 16. a5 Qc7 17. Na4 Bd7 18. f4 Bxa4 19. Qxa4 Ned7 20. Bf3 c4 21. Bc3 Rbc8 22. Raa1 Nc5 23. Qc2 Nb3 24. Rad1 Nd7 25. Bxg7 Kxg7 26. Qc3+ f6 27. Bg4 h5 28. Bxd7 Qxd7 29. Rfe1 Qc7 30. e5 fxe5 31. fxe5 Rxe5 32. Rxe5 dxe5 33. Ne4 b5 34. d6 Qa7+ 35. Kh1 Nd4 36. Qg3 Nc6 37. d7 Rf8 38. d8=Q Rxd8 39. Rxd8 Nxd8 40. Qxe5+ Kh7 41. Nf6+ Kh6 42. Qe8 Nf7 43. h4 Kg7 44. Nd7 Qf2 45. Qf8+ Kh7 46. Qe7 Qf1+ 47. Kh2 Qf4+ 48. Kh1 Qf1+ 1/2-1/2

[Event "Foxwoods op"]
[Site "Ledyard USA"]
[Date "2014.01.23"]
[Round "2.6"]
[White "Gerzhoy, Leonid"]
[Black "Chandra, Akshat"]
[Result "1/2-1/2"]
[WhiteElo "2481"]
[BlackElo "2341"]
[PlyCount "101"]
[GameId "2130307675220197"]
[EventDate "2014.01.22"]
[EventType "swiss"]
[EventRounds "9"]
[EventCountry "USA"]
[SourceTitle "The Week in Chess 1003"]
[Source "Mark Crowther"]
[SourceDate "2014.01.27"]
[SourceVersion "1"]
[SourceVersionDate "2014.01.27"]
[SourceQuality "2"]

1. c4 Nf6 2. Nc3 d5 3. cxd5 Nxd5 4. g3 g6 5. Bg2 Nxc3 6. bxc3 Bg7 7. Rb1 Nc6 8. Nf3 O-O 9. O-O Na5 10. Qa4 b6 11. Qh4 Bb7 12. d4 e6 13. Bg5 Qd5 14. Bh6 Qe4 15. Bxg7 Qxh4 16. Nxh4 Kxg7 17. Bxb7 Nxb7 18. Nf3 c5 19. Rfd1 Rac8 20. d5 exd5 21. Rxd5 Rcd8 22. Rbd1 Rxd5 23. Rxd5 Rd8 24. Rxd8 Nxd8 25. e4 Kf6 26. Kf1 Nc6 27. Ke2 b5 28. Nd2 Ke6 29. f4 f6 30. g4 g5 31. e5 f5 32. gxf5+ Kxf5 33. fxg5 Nxe5 34. Nb3 Nd7 35. h4 Kg4 36. Ke3 Kxh4 37. Kf4 Nb6 38. Nxc5 Nd5+ 39. Kf5 Nxc3 40. a3 Nb1 41. a4 b4 42. g6 hxg6+ 43. Kxg6 Nd2 44. Kf5 b3 45. Nd3 Nc4 46. Ke6 a5 47. Kd5 b2 48. Nxb2 Nxb2 49. Kc5 Nxa4+ 50. Kb5 Nb6 51. Kxa5 1/2-1/2

[Event "Foxwoods op"]
[Site "Ledyard USA"]
[Date "2014.01.23"]
[Round "3.5"]
[White "Sarkar, Justin"]
[Black "Gerzhoy, Leonid"]
[Result "1/2-1/2"]
[WhiteElo "2425"]
[BlackElo "2481"]
[PlyCount "74"]
[GameId "2130307675220208"]
[EventDate "2014.01.22"]
[EventType "swiss"]
[EventRounds "9"]
[EventCountry "USA"]
[SourceTitle "The Week in Chess 1003"]
[Source "Mark Crowther"]
[SourceDate "2014.01.27"]
[SourceVersion "1"]
[SourceVersionDate "2014.01.27"]
[SourceQuality "2"]

1. d4 Nf6 2. c4 g6 3. Nc3 Bg7 4. e4 d6 5. Be2 O-O 6. Nf3 c5 7. O-O cxd4 8. Nxd4 Nc6 9. Be3 Nxd4 10. Bxd4 Be6 11. Qd2 Qa5 12. Rfd1 Rfc8 13. b3 a6 14. Qb2 Ne8 15. Bxg7 Nxg7 16. a4 Qe5 17. a5 Rab8 18. Ra3 b6 19. axb6 Rxb6 20. Qa1 Rcb8 21. Ra5 Qf6 22. e5 dxe5 23. Ne4 Qf4 24. Nc5 Nf5 25. g3 Qh6 26. Qxe5 Qg7 27. Qc7 Nd4 28. Rxa6 Nxe2+ 29. Kf1 Bh3+ 30. Kxe2 Qb2+ 31. Rd2 Bg4+ 32. f3 Bxf3+ 33. Kxf3 Qxd2 34. Rxb6 Qd1+ 35. Ke3 Rd8 36. Rb8 Qe1+ 37. Kf3 Qf1+ 1/2-1/2

[Event "Foxwoods op"]
[Site "Ledyard USA"]
[Date "2014.01.24"]
[Round "5.5"]
[White "Sevian, Samuel"]
[Black "Gerzhoy, Leonid"]
[Result "1/2-1/2"]
[WhiteElo "2401"]
[BlackElo "2481"]
[PlyCount "90"]
[GameId "2130307675220233"]
[EventDate "2014.01.22"]
[EventType "swiss"]
[EventRounds "9"]
[EventCountry "USA"]
[SourceTitle "The Week in Chess 1003"]
[Source "Mark Crowther"]
[SourceDate "2014.01.27"]
[SourceVersion "1"]
[SourceVersionDate "2014.01.27"]
[SourceQuality "2"]

1. e4 c6 2. Nc3 d5 3. Nf3 Bg4 4. h3 Bxf3 5. Qxf3 Nf6 6. d3 e6 7. Bd2 Nbd7 8. g4 g6 9. Bg2 Bg7 10. O-O O-O 11. Rab1 b5 12. Qe2 Nb6 13. g5 Nfd7 14. h4 a5 15. Nd1 dxe4 16. dxe4 Nc4 17. Bc1 a4 18. Ne3 Nde5 19. f4 Nxe3 20. Bxe3 Nc4 21. e5 Qc7 22. Rfd1 Rfd8 23. Rd3 Nxe3 24. Qxe3 Bf8 25. Rbd1 Rxd3 26. Rxd3 Rd8 27. Kh2 c5 28. Qd2 Rxd3 29. Qxd3 c4 30. Qd2 b4 31. Qd4 b3 32. cxb3 axb3 33. axb3 cxb3 34. Bf1 Qc1 35. Bc4 h5 36. gxh6 Bxh6 37. Kg3 Bf8 38. Bxb3 Bc5 39. Qe4 Qxb2 40. Qf3 Bg1 41. Kg4 Kg7 42. h5 gxh5+ 43. Kxh5 Qh2+ 44. Kg4 Bf2 45. Qh3 Qxh3+ 1/2-1/2

[Event "Foxwoods op"]
[Site "Ledyard USA"]
[Date "2014.01.25"]
[Round "6"]
[White "Gerzhoy, Leonid"]
[Black "Englert, Fabian"]
[Result "1-0"]
[WhiteElo "2481"]
[BlackElo "2316"]
[PlyCount "129"]
[GameId "2130307675220241"]
[EventDate "2014.01.22"]
[EventType "swiss"]
[EventRounds "9"]
[EventCountry "USA"]
[SourceTitle "CBM 158 Extra"]
[Source "ChessBase"]
[SourceDate "2014.02.28"]
[SourceVersion "1"]
[SourceVersionDate "2014.02.28"]
[SourceQuality "1"]

1. d4 d5 2. c4 e6 3. Nc3 a6 4. cxd5 exd5 5. Nf3 Nf6 6. Bg5 Be7 7. e3 O-O 8. Bd3 h6 9. Bh4 Be6 10. O-O Nbd7 11. a3 c5 12. dxc5 Nxc5 13. Bc2 Rc8 14. Nd4 Qd7 15. Rc1 Rfd8 16. Nxe6 Nxe6 17. Bf5 d4 18. exd4 Qxd4 19. Qxd4 Rxd4 20. Bg3 Rcd8 21. Rfe1 Rd2 22. Bxe6 fxe6 23. Rxe6 Bc5 24. Re2 Rxe2 25. Nxe2 Ne4 26. Kf1 Rd2 27. Bf4 Rd5 28. Nc3 Nxc3 29. Rxc3 Rf5 30. Be3 Bxe3 31. Rxe3 Rb5 32. Re2 a5 33. Ke1 Kf7 34. Kd1 Rg5 35. g3 Rh5 36. h4 Rc5 37. Kd2 g5 38. hxg5 hxg5 39. Kd3 Kf6 40. Kd4 Rc1 41. Rd2 Kf5 42. Ke3 Re1+ 43. Kf3 g4+ 44. Kg2 Re5 45. Rd4 Rb5 46. b4 Re5 47. a4 axb4 48. Rf4+ Kg5 49. Rxb4 Re7 50. f4+ gxf3+ 51. Kxf3 Kf5 52. g4+ Kg5 53. Rb5+ Kf6 54. a5 Rc7 55. g5+ Kg6 56. Ke4 Rd7 57. Rd5 Rc7 58. Kd4 Rc1 59. Rb5 Ra1 60. Kc5 Kxg5 61. Kb6+ Kf6 62. Kxb7 Ke6 63. a6 Rh1 64. a7 Rh7+ 65. Ka6 1-0

[Event "Foxwoods op"]
[Site "Ledyard USA"]
[Date "2014.01.25"]
[Round "7.3"]
[White "Gerzhoy, Leonid"]
[Black "Corrales Jimenez, Fidel"]
[Result "1/2-1/2"]
[WhiteElo "2481"]
[BlackElo "2568"]
[PlyCount "77"]
[GameId "2130307675220257"]
[EventDate "2014.01.22"]
[EventType "swiss"]
[EventRounds "9"]
[EventCountry "USA"]
[SourceTitle "The Week in Chess 1003"]
[Source "Mark Crowther"]
[SourceDate "2014.01.27"]
[SourceVersion "1"]
[SourceVersionDate "2014.01.27"]
[SourceQuality "2"]

1. d4 Nf6 2. Nf3 e6 3. e3 b6 4. Bd3 Bb7 5. O-O c5 6. c4 Be7 7. Nc3 O-O 8. d5 exd5 9. cxd5 d6 10. e4 Nbd7 11. Bf4 a6 12. a4 Ng4 13. Nd2 Nge5 14. Be2 Rb8 15. Bg3 Bf6 16. f4 Ng6 17. Nc4 Bd4+ 18. Kh1 Nf6 19. Bf3 Re8 20. Ne2 b5 21. axb5 axb5 22. Na5 Nxe4 23. Nxd4 cxd4 24. Qxd4 Qf6 25. Qxf6 Nxf6 26. Nc6 Ra8 27. Rxa8 Bxa8 28. Ra1 h5 29. h4 Bb7 30. f5 Ne5 31. Bxe5 dxe5 32. Ra7 Ba8 33. d6 e4 34. Ne7+ Kf8 35. Be2 b4 36. Bc4 Ng4 37. Ng6+ fxg6 38. Rf7+ Kg8 39. Re7+ 1/2-1/2

[Event "Foxwoods op"]
[Site "Ledyard USA"]
[Date "2014.01.26"]
[Round "8.5"]
[White "Mandiza, Farai"]
[Black "Gerzhoy, Leonid"]
[Result "0-1"]
[WhiteElo "2379"]
[BlackElo "2481"]
[PlyCount "92"]
[GameId "2130307675224364"]
[EventDate "2014.01.22"]
[EventType "swiss"]
[EventRounds "9"]
[EventCountry "USA"]
[SourceTitle "The Week in Chess 1003"]
[Source "Mark Crowther"]
[SourceDate "2014.01.27"]
[SourceVersion "1"]
[SourceVersionDate "2014.01.27"]
[SourceQuality "2"]

1. c4 c6 2. Nf3 d5 3. Qc2 Nf6 4. d4 g6 5. Bf4 Bf5 6. Qb3 Na6 7. Qxb7 Nb4 8. Qxb4 e5 9. c5 exf4 10. Nc3 Rb8 11. Qa3 Bg7 12. g3 Qc7 13. Bg2 O-O 14. O-O Rfe8 15. Rfe1 Ng4 16. Nd1 Be4 17. Qc3 f5 18. e3 Bxf3 19. Bxf3 g5 20. Rc1 h5 21. Rc2 h4 22. gxf4 gxf4 23. Kh1 Nxh2 24. Bh5 f3 25. Rg1 Re4 26. Qd3 Ng4 27. Bxg4 fxg4 28. Nc3 Rbe8 29. Nxe4 Rxe4 30. Qf1 g3 31. fxg3 hxg3 32. Qxf3 Rh4+ 33. Kg2 Rh2+ 34. Kf1 Rxc2 35. Rxg3 Qf7 36. Qxf7+ Kxf7 37. Rg2 Rxg2 38. Kxg2 Ke6 39. b4 a6 40. a4 Kf5 41. Kf3 Bf6 42. Ke2 Ke4 43. Kd2 Bg5 44. Ke2 Bxe3 45. b5 cxb5 46. c6 Bf4 0-1

[Event "Foxwoods op"]
[Site "Ledyard USA"]
[Date "2014.01.26"]
[Round "9.2"]
[White "Gerzhoy, Leonid"]
[Black "Macieja, Bartlomiej"]
[Result "1/2-1/2"]
[WhiteElo "2481"]
[BlackElo "2582"]
[PlyCount "158"]
[GameId "2130307675224374"]
[EventDate "2014.01.22"]
[EventType "swiss"]
[EventRounds "9"]
[EventCountry "USA"]
[SourceTitle "The Week in Chess 1003"]
[Source "Mark Crowther"]
[SourceDate "2014.01.27"]
[SourceVersion "1"]
[SourceVersionDate "2014.01.27"]
[SourceQuality "2"]

1. d4 Nf6 2. Nf3 e6 3. e3 b6 4. Bd3 Bb7 5. O-O c5 6. c4 Be7 7. Nc3 cxd4 8. exd4 d5 9. b3 Ne4 10. Bb2 Nd7 11. Re1 Nxc3 12. Bxc3 Rc8 13. Rc1 O-O 14. Re3 g6 15. Bb2 Bf6 16. Bb1 Qe7 17. Rec3 a5 18. Qe2 Qd6 19. g3 dxc4 20. Be4 Bxe4 21. Qxe4 b5 22. bxc4 Rxc4 23. Rxc4 bxc4 24. Rxc4 Nb6 25. Rc6 Qd5 26. Qxd5 Nxd5 27. Ba3 Rd8 28. Ra6 Nb4 29. Rxa5 Nxa2 30. Be7 Bxe7 31. Rxa2 Bf6 32. Ra4 g5 33. g4 Kg7 34. Kg2 Kg6 35. h3 Rd5 36. Rc4 h6 37. Ra4 Rd8 38. Rc4 Rd6 39. Ra4 Rd5 40. Rc4 Rd8 41. Ra4 Rd6 42. Rc4 Rb6 43. Rc5 Rd6 44. Rc4 h5 45. Ne5+ Bxe5 46. dxe5 Rd5 47. Re4 Ra5 48. Re3 Ra4 49. Kg3 Rb4 50. Kf3 Rc4 51. Kg3 Rf4 52. Re2 h4+ 53. Kg2 Kg7 54. Ra2 Re4 55. Ra5 Rd4 56. Ra3 Rd5 57. Re3 Kf8 58. Kg1 Ke7 59. Kg2 Ra5 60. Kg1 Ra4 61. Kg2 Ke8 62. Kg1 Rb4 63. Kg2 Rf4 64. Ra3 Re4 65. Ra5 Kf8 66. Ra8+ Kg7 67. Ra5 Re1 68. Rb5 Ra1 69. Rc5 Rd1 70. Ra5 Kf8 71. Ra8+ Kg7 72. Ra5 Rd3 73. Rb5 Ra3 74. Rc5 Ra1 75. Rb5 Re1 76. Ra5 Re4 77. Rb5 Kf8 78. Rb8+ Kg7 79. Rb5 Re1 1/2-1/2

[Event "Bay Area int."]
[Site "Santa Clara USA"]
[Date "2014.01.04"]
[Round "4.11"]
[White "Gerzhoy, Leonid"]
[Black "Sevian, Samuel"]
[Result "1/2-1/2"]
[WhiteElo "2481"]
[BlackElo "2401"]
[PlyCount "28"]
[GameId "2130307675673867"]
[EventDate "2014.01.02"]
[EventType "swiss"]
[EventRounds "9"]
[EventCountry "USA"]
[SourceTitle "The Week in Chess 1000"]
[Source "Mark Crowther"]
[SourceDate "2014.01.06"]
[SourceVersion "1"]
[SourceVersionDate "2014.01.06"]
[SourceQuality "2"]

1. e4 e5 2. Nf3 Nc6 3. d4 exd4 4. Nxd4 Nf6 5. Nxc6 bxc6 6. e5 Qe7 7. Qe2 Nd5 8. c4 Nb6 9. b3 g6 10. f4 f6 11. exf6 Qxe2+ 12. Bxe2 Bb4+ 13. Bd2 Bxd2+ 14. Kxd2 Kf7 1/2-1/2

[Event "Bay Area int."]
[Site "Santa Clara USA"]
[Date "2014.01.05"]
[Round "6.10"]
[White "Gerzhoy, Leonid"]
[Black "Cornejo, Max"]
[Result "1/2-1/2"]
[WhiteElo "2481"]
[BlackElo "2365"]
[PlyCount "49"]
[GameId "2130307675678028"]
[EventDate "2014.01.02"]
[EventType "swiss"]
[EventRounds "9"]
[EventCountry "USA"]
[SourceTitle "The Week in Chess 1001"]
[Source "Mark Crowther"]
[SourceDate "2014.01.14"]
[SourceVersion "1"]
[SourceVersionDate "2014.01.14"]
[SourceQuality "2"]

1. e4 c5 2. Nf3 Nc6 3. Bb5 d6 4. Bxc6+ bxc6 5. O-O Bg4 6. h3 Bxf3 7. Qxf3 e6 8. d3 Ne7 9. Qg3 Ng6 10. f4 f5 11. b3 Be7 12. Bb2 O-O 13. Nd2 d5 14. exf5 exf5 15. Nf3 d4 16. Rae1 Bf6 17. Re2 Qc7 18. Bc1 Rae8 19. Rfe1 Rxe2 20. Rxe2 Ne7 21. Qe1 Nd5 22. Re8 Qd7 23. Qe6+ Qxe6 24. Rxe6 Rc8 25. Ne5 1/2-1/2

[Event "Bay Area int."]
[Site "Santa Clara USA"]
[Date "2014.01.08"]
[Round "9.13"]
[White "Aleskerov, Faik"]
[Black "Gerzhoy, Leonid"]
[Result "0-1"]
[WhiteElo "2331"]
[BlackElo "2481"]
[PlyCount "40"]
[GameId "2130307675682213"]
[EventDate "2014.01.02"]
[EventType "swiss"]
[EventRounds "9"]
[EventCountry "USA"]
[SourceTitle "The Week in Chess 1001"]
[Source "Mark Crowther"]
[SourceDate "2014.01.14"]
[SourceVersion "1"]
[SourceVersionDate "2014.01.14"]
[SourceQuality "2"]

1. e4 e6 2. d4 d5 3. exd5 exd5 4. Nf3 Nc6 5. Bd3 Bd6 6. O-O Bg4 7. c3 Qd7 8. h3 Bh5 9. Qe1+ Nge7 10. Ne5 Bxe5 11. dxe5 Bg6 12. Bxg6 hxg6 13. Bg5 O-O-O 14. Nd2 Rde8 15. Bxe7 Rxe7 16. f4 f6 17. Nf3 g5 18. fxg5 fxe5 19. Rd1 e4 20. Nh4 Ne5 0-1

[Event "Dearborn Fall op"]
[Site "Dearborn USA"]
[Date "2013.10.24"]
[Round "3"]
[White "Gerzhoy, Leonid"]
[Black "Shulman, Yuri"]
[Result "0-1"]
[WhiteElo "2478"]
[BlackElo "2549"]
[PlyCount "94"]
[GameId "2130307677726860"]
[EventDate "2013.10.23"]
[EventType "swiss"]
[EventRounds "9"]
[EventCountry "USA"]
[SourceTitle "EXT 2015"]
[Source "ChessBase"]
[SourceDate "2014.11.20"]
[SourceVersion "1"]
[SourceVersionDate "2014.11.20"]
[SourceQuality "1"]

1. c4 g6 2. d4 Bg7 3. e4 d6 4. Nc3 Nf6 5. Be2 O-O 6. Nf3 Nbd7 7. O-O e5 8. Re1 c6 9. d5 c5 10. Bg5 h6 11. Bh4 a6 12. Nd2 Qe8 13. a3 Nh7 14. b4 h5 15. f3 Bh6 16. Bf1 f5 17. exf5 gxf5 18. Nb3 b6 19. bxc5 Nxc5 20. a4 a5 21. Nxc5 bxc5 22. Rb1 Qf7 23. Rb6 Ra6 24. Rxa6 Bxa6 25. Qb3 Bc8 26. Nb5 Qd7 27. Qc3 Ba6 28. Qxa5 Bxb5 29. Qxb5 Qg7 30. Qc6 Bg5 31. Bf2 Qf6 32. Re2 e4 33. a5 exf3 34. gxf3 Qg7 35. Kh1 Bf4 36. a6 Ng5 37. Re8 Qa1 38. Rxf8+ Kxf8 39. Kg2 h4 40. h3 Qd1 41. Bxh4 Qxf3+ 42. Kg1 Qe3+ 43. Bf2 Bh2+ 44. Kxh2 Qxf2+ 45. Kh1 Qxf1+ 46. Kh2 Nf3+ 47. Kg3 f4+ 0-1

[Event "Dearborn Fall op"]
[Site "Dearborn USA"]
[Date "2013.10.26"]
[Round "6"]
[White "Gerzhoy, Leonid"]
[Black "Hernandez Carmenates, Holden"]
[Result "1/2-1/2"]
[WhiteElo "2478"]
[BlackElo "2545"]
[PlyCount "67"]
[GameId "2130307677726875"]
[EventDate "2013.10.23"]
[EventType "swiss"]
[EventRounds "9"]
[EventCountry "USA"]
[SourceTitle "EXT 2015"]
[Source "ChessBase"]
[SourceDate "2014.11.20"]
[SourceVersion "1"]
[SourceVersionDate "2014.11.20"]
[SourceQuality "1"]

1. c4 Nf6 2. Nc3 e5 3. Nf3 Nc6 4. g3 Bb4 5. Bg2 O-O 6. O-O Re8 7. d3 Bxc3 8. bxc3 e4 9. Nd4 exd3 10. exd3 Nxd4 11. cxd4 d5 12. Bg5 h6 13. Bxf6 Qxf6 14. cxd5 Bd7 15. Rc1 Rac8 16. Re1 Rxe1+ 17. Qxe1 Qd6 18. Qa5 a6 19. Re1 b5 20. h4 Qb6 21. Qxb6 cxb6 22. d6 a5 23. a3 Kf8 24. d5 a4 25. d4 b4 26. axb4 Bb5 27. Bf1 Bxf1 28. Kxf1 b5 29. Re7 Ra8 30. Rc7 Ke8 31. Re7+ Kd8 32. Rxf7 Ra6 33. Rxg7 a3 34. Rg8+ 1/2-1/2

[Event "SPICE Cup op"]
[Site "St Louis USA"]
[Date "2013.10.15"]
[Round "1.14"]
[White "Gerzhoy, Leonid"]
[Black "Tang, Andrew"]
[Result "1/2-1/2"]
[WhiteElo "2478"]
[BlackElo "2174"]
[PlyCount "109"]
[GameId "2130307678002862"]
[EventDate "2013.10.15"]
[EventType "swiss"]
[EventRounds "9"]
[EventCountry "USA"]
[SourceTitle "The Week in Chess 990"]
[Source "Mark Crowther"]
[SourceDate "2013.10.28"]
[SourceVersion "2"]
[SourceVersionDate "2013.10.28"]
[SourceQuality "2"]

1. c4 e6 2. Nc3 d5 3. d4 Be7 4. Nf3 Nf6 5. e3 O-O 6. b3 b6 7. Bd3 Bb7 8. O-O c5 9. Bb2 Nc6 10. Rc1 cxd4 11. exd4 Rc8 12. Re1 h6 13. cxd5 Nxd5 14. Nxd5 Qxd5 15. Be4 Qd7 16. d5 exd5 17. Qxd5 Qxd5 18. Bxd5 Bb4 19. Red1 Na5 20. Bxb7 Nxb7 21. Nd4 Rxc1 22. Rxc1 Bc5 23. Nc6 a5 24. Kf1 Re8 25. Rd1 Re6 26. Ne5 f6 27. Nd3 Kf7 28. Nxc5 Nxc5 29. f3 Ke8 30. Bd4 Nd7 31. Rc1 Kd8 32. Kf2 Ne5 33. Rc3 Nf7 34. g4 Kd7 35. h4 g6 36. h5 gxh5 37. gxh5 Rd6 38. Ke3 Ng5 39. Rd3 Ke6 40. f4 Nf7 41. Rc3 Kd7 42. f5 Rd5 43. Bxb6 Rxf5 44. Rc5 Ne5 45. Bxa5 Rxh5 46. Bc3 Ng4+ 47. Kd4 Rh4 48. Be1 Rh1 49. Bg3 h5 50. Ke4 h4 51. Bf4 h3 52. Kf3 h2 53. Bxh2 Nxh2+ 54. Kg2 Ra1 55. Kxh2 1/2-1/2